| 000 | 00583nam a2200181Ia 4500 | ||
|---|---|---|---|
| 001 | 21264 | ||
| 005 | 20260306172906.0 | ||
| 008 | 260306t2019||||xx |||||||||||||| ||spa|| | ||
| 041 | _aESP | ||
| 082 |
_a344.51 _bP72P |
||
| 110 | _aPoder Judicial del Perú | ||
| 245 | 0 | _aX pleno jurisdiccional de las salas penales permanente y transitorias, III pleno jurisdiccional extraordinario de las salas penales permanentes y transitorias y I pleno casatorio penal | |
| 260 | _c2019 | ||
| 300 |
_a205 páginas : _c24 cm. |
||
| 650 | _aGEN | ||
| 654 | _aCDE | ||
| 942 |
_cLIB _dJUS _fJUS _2ddc _n |
||
| 999 |
_c21264 _d21264 |
||